|
|
|
|
| LEADER |
00000cam a2200000 a 4500 |
| 001 |
60541 |
| 003 |
Ucuenca |
| 005 |
20231017080151.0 |
| 008 |
980062|1980 ec |||||r|||||||||||spa|| |
| 040 |
|
|
|b spa
|
| 041 |
0 |
|
|a es
|
| 082 |
0 |
|
|a E861.4
|
| 100 |
1 |
|
|a Vanegas Coveña, Sara.
|d 1950-
|9 221929
|
| 245 |
|
|
|a Noventa poemas 1973-1979
|c Sara B. Vanégas Coveña
|h imp
|
| 264 |
|
|
|a Cuenca
|b Casa de la Cultura Ecuatoriana. Núcleo del Azuay
|c 1980
|
| 300 |
|
|
|a 129 páginas:
|c 20 cm
|
| 650 |
|
0 |
|a Poesía cuencana
|9 4951
|
| 650 |
1 |
7 |
|a Poesía ecuatoriana
|9 618
|
| 852 |
|
|
|a UC-CDJBV
|f Donación
|l 1
|m General
|p 19800626
|q 20,00
|r 8
|t 60541
|b 0
|d CDRC
|e CDRC
|g E861.4 TERCER PISO
|z 1980-00-62
|
| 942 |
|
|
|c BK
|2 ddc
|z teodoro.astudillo@ucuenca.edu.ec
|
| 999 |
|
|
|c 15363
|d 15363
|